| 000 | 00650nam a2200205Ii 4500 | ||
|---|---|---|---|
| 003 | JO-AjNU | ||
| 008 | 230606s9999||||xx |||||||||||||| ||und|| | ||
| 020 | _a978-0-340-70010-5 | ||
| 040 |
_aJO-AjNU _beng _erda _cJO-AjNU |
||
| 041 | _aeng | ||
| 050 | 1 | 4 | _aP221.B16 1999 |
| 100 | 3 |
_aRahilly,Joan تأليف/J.Ball,Martin م.مشارك, _eauthor _91589 |
|
| 245 | 0 | 0 | _aPhonetics:The Science Of Speech |
| 264 | 3 | 1 | _aLondon:Hodder Education An Hachette Uk Company,1999 |
| 300 | _a239p | ||
| 336 |
_atext _btxt _2rdacontent |
||
| 337 |
_aunmediated _bn _2rdamedia |
||
| 338 |
_avolume _bnc _2rdacarrier |
||
| 650 | 4 |
_aPhonetics:The Science Of Speech _91590 |
|
| 999 |
_aE834 _c834 _d834 |
||